<?xml version="1.0" encoding="UTF-8"?>
<collection xmlns="http://www.loc.gov/MARC21/slim">
  <record>
    <leader>00000nam  2200000   4500</leader>
    <controlfield tag="001">INLIS000000000063290</controlfield>
    <controlfield tag="005">20240221121527</controlfield>
    <datafield tag="035" ind1="#" ind2="#">
      <subfield code="a">0010-0224000160</subfield>
    </datafield>
    <controlfield tag="007">ta</controlfield>
    <controlfield tag="008">240221################g##########1#ind##</controlfield>
    <datafield tag="020" ind1="#" ind2="#">
      <subfield code="a">978-602-0894-11-9</subfield>
    </datafield>
    <datafield tag="082" ind1="#" ind2="#">
      <subfield code="a">899.221 3</subfield>
    </datafield>
    <datafield tag="084" ind1="#" ind2="#">
      <subfield code="a">899.221 3 Riy s</subfield>
    </datafield>
    <datafield tag="245" ind1="1" ind2="#">
      <subfield code="a">Sajadah lipat pak camat /</subfield>
      <subfield code="c">Riyanto El Harist; Editor, Tri S.</subfield>
    </datafield>
    <datafield tag="250" ind1="#" ind2="#">
      <subfield code="a">Cetakan 1</subfield>
    </datafield>
    <datafield tag="300" ind1="#" ind2="#">
      <subfield code="a">vii, 288 halaman ;</subfield>
      <subfield code="c">20 cm</subfield>
    </datafield>
    <datafield tag="650" ind1="#" ind2="4">
      <subfield code="a">Fiksi Indonesia</subfield>
    </datafield>
    <datafield tag="700" ind1=" " ind2="#">
      <subfield code="a">Tri S.(editor)</subfield>
    </datafield>
    <datafield tag="264" ind1="#" ind2="#">
      <subfield code="a">Solo :</subfield>
      <subfield code="b">Tinta Medina,</subfield>
      <subfield code="c">2015</subfield>
    </datafield>
    <datafield tag="336" ind1="#" ind2="#">
      <subfield code="a">Teks</subfield>
      <subfield code="2">rdacontent</subfield>
    </datafield>
    <datafield tag="337" ind1="#" ind2="#">
      <subfield code="a">Tanpa perantara</subfield>
      <subfield code="2">rdamedia</subfield>
    </datafield>
    <datafield tag="338" ind1="#" ind2="#">
      <subfield code="a">Volume</subfield>
      <subfield code="2">rdacarrier</subfield>
    </datafield>
    <datafield tag="990" ind1="#" ind2="#">
      <subfield code="a">06000600</subfield>
    </datafield>
    <datafield tag="990" ind1="#" ind2="#">
      <subfield code="a">06000600</subfield>
    </datafield>
    <datafield tag="990" ind1="#" ind2="#">
      <subfield code="a">06000600</subfield>
    </datafield>
  </record>
</collection>
